[Event "RUS-ch Men Rapid 2019"]
[Site "Sochi"]
[Date "2019.10.15"]
[Round "1.10"]
[White "Sharikov, Alexander"]
[Black "Moiseenko, Vadim"]
[Result "0-1"]
[WhiteElo "2100"]
[BlackElo "2595"]
[Annotator "RC"]
[PlyCount "96"]
[EventDate "2019.10.15"]
[EventType "swiss"]
[EventCountry "RUS"]
[SourceTitle "playchess.com"]
[Source "ChessBase"]
[SourceQuality "1"]
[TimeControl "900+10"]

1. d4 {[%emt 0:00:00]} Nf6 {[%emt 0:00:00]} 2. Nc3 {[%emt 0:00:00]} d5 {[%emt 0:00:00]} 3. Bf4 {[%emt 0:00:00]} e6 {[%emt 0:00:02]} 4. e3 {[%emt 0:00:00]} Bd6 {[%emt 0:00:13]} 5. Qf3 {[%emt 0:00:03]} O-O {[%emt 0:00:18]} 6. g4 {[%emt 0:00:08]} c5 {[%emt 0:00:15]} 7. g5 {[%emt 0:00:11]} Ne8 {[%emt 0:00:14]} 8. O-O-O {[%emt 0:00:19]} Nc6 {[%emt 0:00:05]} 9. h4 {[%emt 0:00:15]} a6 {[%emt 0:01:30]} 10. Nge2 {[%emt 0:00:59]} b5 {[%emt 0:00:05]} 11. dxc5 {[%emt 0:01:06]} Bxc5 {[%emt 0:00:07]} 12. Kb1 {[%emt 0:01:04]} b4 {[%emt 0:00:09]} 13. Na4 {[%emt 0:00:03]} Be7 {[%emt 0:00:24]} 14. Qg3 {[%emt 0:00:43]} Bd7 {[%emt 0:00:28]} 15. h5 {[%emt 0:01:52]} e5 {[%emt 0:00:13]} 16. Bxe5 {[%emt 0:00:34]} Nxe5 {[%emt 0:00:01]} 17. Qxe5 {[%emt 0:00:02]} Bxa4 {[%emt 0:00:03]} 18. h6 {[%emt 0:00:04]} Qc7 {[%emt 0:00:20]} 19. Qxc7 {[%emt 0:01:13]} Nxc7 {[%emt 0:00:01]} 20. hxg7 {[%emt 0:00:02]} Rfc8 {[%emt 0:00:02]} 21. Nd4 {[%emt 0:00:25]} Ne6 {[%emt 0:00:03]} 22. b3 {[%emt 0:00:22]} Nxd4 {[%emt 0:00:14]} 23. Rxd4 {[%emt 0:00:20]} Bb5 {[%emt 0:00:01]} 24. Bh3 {[%emt 0:00:08]} Kxg7 {[%emt 0:01:47]} 25. Bxc8 {[%emt 0:00:04]} Rxc8 {[%emt 0:00:01]} 26. Rdh4 {[%emt 0:00:57]} Rh8 {[%emt 0:00:19]} 27. Rd1 {[%emt 0:00:40]} Bc6 {[%emt 0:00:25]} 28. Rg1 {[%emt 0:00:24]} Bd7 {[%emt 0:00:11]} 29. Rd4 {[%emt 0:00:52]} Be6 {[%emt 0:00:08]} 30. Rh4 {[%emt 0:00:10]} Rc8 {[%emt 0:00:05]} 31. Rf4 {[%emt 0:00:17]} Bd6 {[%emt 0:00:13]} 32. Rd4 {[%emt 0:00:17]} a5 {[%emt 0:00:08]} 33. Rgd1 {[%emt 0:00:49]} Be5 {[%emt 0:00:13]} 34. Rxd5 {[%emt 0:00:12]} Bxd5 {[%emt 0:00:02]} 35. Rxd5 {[%emt 0:00:02]} Bc3 {[%emt 0:00:01]} 36. Kc1 {[%emt 0:00:16]} Ra8 {[%emt 0:00:37]} 37. Kd1 {[%emt 0:00:06]} a4 {[%emt 0:00:02]} 38. Ke2 {[%emt 0:00:04]} a3 {[%emt 0:00:11]} 39. f4 {[%emt 0:00:24]} Ra6 {[%emt 0:00:06]} 40. f5 {[%emt 0:00:15]} h6 {[%emt 0:00:02]} 41. gxh6+ {[%emt 0:01:33]} Rxh6 {[%emt 0:00:02]} 42. Kd3 {[%emt 0:00:15]} Rh2 {[%emt 0:00:03]} 43. e4 {[%emt 0:00:11]} Rd2+ {[%emt 0:00:01]} 44. Ke3 {[%emt 0:00:03]} Rxc2 {[%emt 0:00:02]} 45. e5 {[%emt 0:00:02]} Rxa2 {[%emt 0:00:02]} 46. f6+ {[%emt 0:00:01]} Kg6 {[%emt 0:00:01]} 47. Ke4 {[%emt 0:00:04]} Re2+ {[%emt 0:00:01]} 48. Kd3 {[%emt 0:00:03]} Rxe5 {[%emt 0:00:02]} 0-1

[Event "RUS-ch Men Rapid 2019"]
[Site "Sochi"]
[Date "2019.10.15"]
[Round "1.11"]
[White "Lysyj, Igor"]
[Black "Cherenkov, Andrey"]
[Result "1-0"]
[WhiteElo "2588"]
[BlackElo "2099"]
[Annotator "ChessBase"]
[PlyCount "115"]
[EventDate "2019.10.15"]
[EventType "swiss"]
[EventCountry "RUS"]
[SourceTitle "playchess.com"]
[Source "ChessBase"]
[SourceQuality "1"]
[TimeControl "900+10"]

1. d4 {[%emt 0:00:00]} Nf6 {[%emt 0:00:00]} 2. c4 {[%emt 0:00:00]} e6 {[%emt 0:00:00]} 3. Nf3 {[%emt 0:00:00]} d5 {[%emt 0:00:00]} 4. g3 {[%emt 0:00:00]} Be7 {[%emt 0:00:00]} 5. Bg2 {[%emt 0:00:00]} O-O {[%emt 0:00:01]} 6. Qb3 {[%emt 0:00:02]} c5 {[%emt 0:01:18]} 7. cxd5 {[%emt 0:00:05]} Qxd5 {[%emt 0:00:12]} 8. dxc5 {[%emt 0:00:26]} Nc6 {[%emt 0:00:17]} 9. Nc3 {[%emt 0:00:36]} Qxb3 {[%emt 0:00:06]} 10. axb3 {[%emt 0:00:01]} Bxc5 {[%emt 0:00:07]} 11. O-O {[%emt 0:00:12]} Bd7 {[%emt 0:00:23]} 12. Rd1 {[%emt 0:01:20]} h6 {[%emt 0:00:10]} 13. Ne1 {[%emt 0:00:19]} Rfd8 {[%emt 0:00:19]} 14. Nd3 {[%emt 0:00:05]} Bb6 {[%emt 0:00:26]} 15. b4 {[%emt 0:00:29]} Be8 {[%emt 0:04:16]} 16. Na4 {[%emt 0:01:35]} Bc7 {[%emt 0:00:44]} 17. Nac5 {[%emt 0:01:35]} Nd5 {[%emt 0:02:09]} 18. Nxb7 {[%emt 0:02:51]} Rdb8 {[%emt 0:00:11]} 19. Nbc5 {[%emt 0:00:02]} Ncxb4 {[%emt 0:01:37]} 20. Nxb4 {[%emt 0:00:03]} Rxb4 {[%emt 0:00:01]} 21. Na6 {[%emt 0:00:14]} Rc4 {[%emt 0:03:40]} 22. Rxd5 {[%emt 0:01:22]} exd5 {[%emt 0:01:25]} 23. Bxd5 {[%emt 0:00:02]} Rd8 {[%emt 0:00:39]} 24. Bxc4 {[%emt 0:00:02]} Rd1+ {[%emt 0:00:02]} 25. Kg2 {[%emt 0:00:01]} Bc6+ {[%emt 0:00:04]} 26. f3 {[%emt 0:02:17]} Bb6 {[%emt 0:00:04]} 27. h4 {[%emt 0:00:25]} Rg1+ {[%emt 0:00:24]} 28. Kh2 {[%emt 0:00:02]} Bf2 {[%emt 0:00:45]} 29. Nb4 {[%emt 0:00:27]} Bd7 {[%emt 0:00:04]} 30. Nd3 {[%emt 0:00:21]} Bd4 {[%emt 0:00:18]} 31. e3 {[%emt 0:00:22]} Bxe3 {[%emt 0:00:04]} 32. Bxe3 {[%emt 0:01:27]} Rxa1 {[%emt 0:00:01]} 33. Ne5 {[%emt 0:00:11]} Be6 {[%emt 0:00:03]} 34. Bxe6 {[%emt 0:00:14]} fxe6 {[%emt 0:00:00]} 35. f4 {[%emt 0:00:44]} a5 {[%emt 0:00:02]} 36. Bc5 {[%emt 0:00:07]} Rc1 {[%emt 0:00:09]} 37. Ba3 {[%emt 0:00:01]} Rc2+ {[%emt 0:00:14]} 38. Kh3 {[%emt 0:00:02]} h5 {[%emt 0:00:07]} 39. g4 {[%emt 0:00:16]} hxg4+ {[%emt 0:00:11]} 40. Kxg4 {[%emt 0:00:02]} Kh7 {[%emt 0:00:14]} 41. h5 {[%emt 0:00:16]} Rg2+ {[%emt 0:00:08]} 42. Kh3 {[%emt 0:00:14]} Rg1 {[%emt 0:00:07]} 43. Nf3 {[%emt 0:00:19]} Rf1 {[%emt 0:00:13]} 44. Kg2 {[%emt 0:00:16]} Rd1 {[%emt 0:00:12]} 45. Kg3 {[%emt 0:00:17]} Kh6 {[%emt 0:00:02]} 46. Kg4 {[%emt 0:00:03]} Rd5 {[%emt 0:00:16]} 47. Ng5 {[%emt 0:00:08]} Rd1 {[%emt 0:00:31]} 48. Nxe6 {[%emt 0:01:54]} Rg1+ {[%emt 0:00:01]} 49. Kf5 {[%emt 0:00:01]} Kxh5 {[%emt 0:00:01]} 50. Bd6 {[%emt 0:00:07]} g6+ {[%emt 0:00:07]} 51. Kf6 {[%emt 0:00:01]} Rf1 {[%emt 0:00:34]} 52. Kg7 {[%emt 0:00:38]} Rf2 {[%emt 0:00:17]} 53. Be5 {[%emt 0:00:04]} Rc2 {[%emt 0:00:06]} 54. Kf6 {[%emt 0:00:27]} Rf2 {[%emt 0:00:06]} 55. Nc5 {[%emt 0:00:16]} g5 {[%emt 0:00:04]} 56. Ne4 {[%emt 0:00:04]} g4 {[%emt 0:00:34]} 57. Nxf2 {[%emt 0:00:04]} g3 {[%emt 0:00:00]} 58. Nh3 {[%emt 0:00:05]} 1-0

[Event "RUS-ch Men Rapid 2019"]
[Site "Sochi"]
[Date "2019.10.15"]
[Round "1.12"]
[White "Pingin, Artem"]
[Black "Sakaev, Konstantin"]
[Result "1/2-1/2"]
[WhiteElo "2087"]
[BlackElo "2586"]
[Annotator "ChessBase"]
[PlyCount "86"]
[EventDate "2019.10.15"]
[EventType "swiss"]
[EventCountry "RUS"]
[SourceTitle "playchess.com"]
[Source "ChessBase"]
[SourceQuality "1"]
[TimeControl "900+10"]

1. e4 {[%emt 0:00:00]} c5 {[%emt 0:00:00]} 2. Nf3 {[%emt 0:00:00]} d6 {[%emt 0:00:00]} 3. d4 {[%emt 0:00:00]} cxd4 {[%emt 0:00:00]} 4. Nxd4 {[%emt 0:00:00]} Nf6 {[%emt 0:00:00]} 5. Nc3 {[%emt 0:00:00]} a6 {[%emt 0:00:00]} 6. h3 {[%emt 0:00:00]} e5 {[%emt 0:00:21]} 7. Nb3 {[%emt 0:00:07]} Be6 {[%emt 0:00:05]} 8. f4 {[%emt 0:00:04]} b5 {[%emt 0:01:48]} 9. g4 {[%emt 0:01:02]} exf4 {[%emt 0:02:16]} 10. Bxf4 {[%emt 0:00:29]} Nh5 {[%emt 0:00:44]} 11. Be3 {[%emt 0:03:15]} Ng3 {[%emt 0:00:02]} 12. Rh2 {[%emt 0:00:13]} Nxf1 {[%emt 0:00:26]} 13. Kxf1 {[%emt 0:00:02]} Nd7 {[%emt 0:00:55]} 14. Nd4 {[%emt 0:03:11]} Ne5 {[%emt 0:00:21]} 15. b3 {[%emt 0:00:15]} Rc8 {[%emt 0:01:05]} 16. Nd5 {[%emt 0:00:03]} Bxd5 {[%emt 0:01:00]} 17. exd5 {[%emt 0:00:02]} g6 {[%emt 0:01:27]} 18. Rf2 {[%emt 0:00:53]} Bg7 {[%emt 0:00:07]} 19. Qd2 {[%emt 0:00:02]} h5 {[%emt 0:00:39]} 20. g5 {[%emt 0:00:07]} O-O {[%emt 0:00:27]} 21. Kg2 {[%emt 0:03:07]} Qd7 {[%emt 0:00:02]} 22. Raf1 {[%emt 0:00:42]} Qb7 {[%emt 0:02:18]} 23. Nf3 {[%emt 0:00:04]} Rc7 {[%emt 0:00:12]} 24. Kg1 {[%emt 0:01:16]} Re8 {[%emt 0:00:42]} 25. Ne1 {[%emt 0:01:03]} Rce7 {[%emt 0:00:32]} 26. Ng2 {[%emt 0:00:07]} Nd7 {[%emt 0:00:18]} 27. Bd4 {[%emt 0:00:25]} Bxd4 {[%emt 0:00:46]} 28. Qxd4 {[%emt 0:00:01]} Nc5 {[%emt 0:00:11]} 29. h4 {[%emt 0:00:34]} Qd7 {[%emt 0:00:14]} 30. Rf4 {[%emt 0:00:24]} Re4 {[%emt 0:00:13]} 31. Qf6 {[%emt 0:01:12]} Rxf4 {[%emt 0:00:05]} 32. Qxf4 {[%emt 0:00:13]} Re5 {[%emt 0:00:22]} 33. Qf3 {[%emt 0:00:38]} Qe7 {[%emt 0:00:50]} 34. c4 {[%emt 0:00:43]} b4 {[%emt 0:00:50]} 35. Qf6 {[%emt 0:00:09]} Qxf6 {[%emt 0:00:31]} 36. Rxf6 {[%emt 0:00:01]} Ne4 {[%emt 0:00:03]} 37. Rf4 {[%emt 0:00:05]} Kf8 {[%emt 0:00:18]} 38. Kf1 {[%emt 0:00:34]} a5 {[%emt 0:00:08]} 39. Ne1 {[%emt 0:00:04]} Nc3 {[%emt 0:00:56]} 40. Nd3 {[%emt 0:00:11]} Re3 {[%emt 0:00:08]} 41. Nc1 {[%emt 0:00:01]} Ne4 {[%emt 0:00:16]} 42. Ne2 {[%emt 0:00:16]} Nc5 {[%emt 0:00:08]} 43. Nd4 {[%emt 0:00:10]} Ke7 1/2-1/2

[Event "RUS-ch Men Rapid 2019"]
[Site "Sochi"]
[Date "2019.10.15"]
[Round "1.13"]
[White "Triapishko, Alexandr"]
[Black "Magomedov, Rashid"]
[Result "1/2-1/2"]
[WhiteElo "2581"]
[BlackElo "2083"]
[Annotator "ChessBase"]
[PlyCount "102"]
[EventDate "2019.10.15"]
[EventType "swiss"]
[EventCountry "RUS"]
[SourceTitle "playchess.com"]
[Source "ChessBase"]
[SourceQuality "1"]
[TimeControl "900+10"]

1. Nf3 {[%emt 0:00:00]} Nf6 {[%emt 0:00:00]} 2. g3 {[%emt 0:00:00]} c5 {[%emt 0:00:00]} 3. Bg2 {[%emt 0:00:11]} Nc6 {[%emt 0:00:01]} 4. c4 {[%emt 0:00:17]} g6 {[%emt 0:00:08]} 5. b3 {[%emt 0:00:43]} Bg7 {[%emt 0:00:19]} 6. Bb2 {[%emt 0:00:02]} O-O {[%emt 0:00:02]} 7. O-O {[%emt 0:00:15]} d6 {[%emt 0:00:40]} 8. Nc3 {[%emt 0:02:46]} Ne8 {[%emt 0:02:30]} 9. e3 {[%emt 0:02:13]} a6 {[%emt 0:04:05]} 10. d4 {[%emt 0:00:29]} Bg4 {[%emt 0:00:57]} 11. dxc5 {[%emt 0:00:52]} dxc5 {[%emt 0:00:08]} 12. h3 {[%emt 0:00:06]} Bf5 {[%emt 0:01:44]} 13. Na4 {[%emt 0:01:07]} Bxb2 {[%emt 0:00:23]} 14. Nxb2 {[%emt 0:00:02]} Qc7 {[%emt 0:01:15]} 15. Nh4 {[%emt 0:00:55]} Rd8 {[%emt 0:00:22]} 16. Qe2 {[%emt 0:00:09]} Bc8 {[%emt 0:00:44]} 17. Rfd1 {[%emt 0:00:55]} Ng7 {[%emt 0:00:02]} 18. Na4 {[%emt 0:00:42]} b6 {[%emt 0:01:55]} 19. Nc3 {[%emt 0:00:29]} e6 {[%emt 0:00:04]} 20. Nf3 {[%emt 0:01:52]} Bb7 {[%emt 0:00:08]} 21. Ne1 {[%emt 0:01:31]} Ne5 {[%emt 0:00:34]} 22. f4 {[%emt 0:00:28]} Bxg2 {[%emt 0:00:16]} 23. Kxg2 {[%emt 0:00:18]} Qb7+ {[%emt 0:00:36]} 24. Nf3 {[%emt 0:00:06]} Nc6 {[%emt 0:00:44]} 25. g4 {[%emt 0:00:50]} e5 {[%emt 0:00:37]} 26. fxe5 {[%emt 0:00:41]} Nxe5 {[%emt 0:00:03]} 27. Nd5 {[%emt 0:00:04]} f6 {[%emt 0:00:36]} 28. Nxe5 {[%emt 0:00:28]} fxe5 {[%emt 0:00:03]} 29. Rf1 {[%emt 0:00:02]} Ne6 {[%emt 0:00:21]} 30. Rxf8+ {[%emt 0:00:12]} Rxf8 {[%emt 0:00:02]} 31. Rf1 {[%emt 0:00:01]} b5 {[%emt 0:00:28]} 32. Rxf8+ {[%emt 0:00:03]} Nxf8 {[%emt 0:00:01]} 33. Qf3 {[%emt 0:00:03]} Qf7 {[%emt 0:00:12]} 34. Qxf7+ {[%emt 0:00:47]} Kxf7 35. Kf3 bxc4 {[%emt 0:00:13]} 36. bxc4 {[%emt 0:00:02]} Nd7 {[%emt 0:00:29]} 37. g5 {[%emt 0:00:31]} Ke6 {[%emt 0:00:06]} 38. Ke4 {[%emt 0:00:13]} Kd6 {[%emt 0:00:06]} 39. h4 {[%emt 0:00:12]} a5 {[%emt 0:00:07]} 40. Kd3 {[%emt 0:00:31]} Ke6 {[%emt 0:00:18]} 41. Nc3 {[%emt 0:00:21]} Kf5 {[%emt 0:00:10]} 42. Ne4 {[%emt 0:00:01]} Ke6 {[%emt 0:00:06]} 43. Ke2 {[%emt 0:00:16]} Ke7 {[%emt 0:00:10]} 44. Kf3 {[%emt 0:00:18]} Ke6 {[%emt 0:00:01]} 45. Kg4 {[%emt 0:00:11]} Ke7 {[%emt 0:00:06]} 46. h5 {[%emt 0:00:06]} Ke6 {[%emt 0:00:24]} 47. h6 {[%emt 0:00:14]} Ke7 {[%emt 0:00:02]} 48. Kf3 {[%emt 0:00:11]} Ke6 {[%emt 0:00:01]} 49. Kg4 {[%emt 0:00:09]} Ke7 {[%emt 0:00:01]} 50. Kf3 {[%emt 0:00:10]} Ke6 {[%emt 0:00:01]} 51. Kg4 {[%emt 0:00:06]} Ke7 1/2-1/2

[Event "RUS-ch Men Rapid 2019"]
[Site "Sochi"]
[Date "2019.10.15"]
[Round "1.14"]
[White "Karalkin, Maksim"]
[Black "Yudin, Sergei"]
[Result "1-0"]
[WhiteElo "2071"]
[BlackElo "2577"]
[Annotator "TA"]
[PlyCount "52"]
[EventDate "2019.10.15"]
[EventType "swiss"]
[EventCountry "RUS"]
[SourceTitle "playchess.com"]
[Source "ChessBase"]
[SourceQuality "1"]

{[%evp 10,52,55,40,56,34,40,21,56,30,32,17,24,21,17,18,26,21,45,16,12,17,23,23,12,0,0,0,20,-237,-214,-225,-232,-337,-345,-379,-372,-475,-470,-473,-453,-431,-461,-597,-529]} 1. e4 d6 2. d4 Nf6 3. Nc3 e5 4. dxe5 dxe5 5. Qxd8+ Kxd8 6. Bc4 Ke8 {B07: Pirc Defence: Miscellaneous Systems} 7. Nge2 $146 (7. Nf3 Bd6 8. Be3 a6 9. a3 h6 10. h3 Nbd7 11. O-O-O b6 12. Nd2 Bb7 13. Rhe1 Ke7 14. Ba2 c6 15. g4 b5 {1-0 (40) Demchenko,A (2679)-Kadric,D (2554) Skopje 2018}) 7... c6 8. f3 Bc5 {The position is equal.} 9. Bd2 b5 10. Bb3 a5 {[#] Hoping for ...a4.} 11. a4 b4 12. Nd1 Nbd7 13. Ne3 Nb6 14. Nc4 Nxc4 15. Bxc4 Nd7 16. Nc1 Nb6 17. Bb3 Ba6 $36 {[%mdl 2048] Black is more active.} 18. Nd3 Bd4 {Threatens to win with ...c5.} (18... Bxd3 $5 19. cxd3 Bd4 $11) 19. Ke2 $2 {[%mdl 8192] [#]} (19. c3 $1 $11 {and White stays safe.}) 19... Bxb2 $1 $19 20. Rab1 Bd4 21. Be3 (21. Rhc1 $142 Rd8 22. c4) 21... c5 22. Bxd4 exd4 23. Bd5 Nxd5 {Black is clearly winning.} 24. exd5 Kd7 25. Kd2 Kd6 26. Rhe1 Rhe8 {[%mdl 32768] Accuracy: White = 37%, Black = 61%. . Loss on time!?} 1-0

[Event "RUS-ch Men Rapid 2019"]
[Site "Sochi"]
[Date "2019.10.15"]
[Round "1.15"]
[White "Savchenko, Boris"]
[Black "Mochalin, Faddey"]
[Result "1-0"]
[WhiteElo "2560"]
[BlackElo "2070"]
[Annotator "ChessBase"]
[PlyCount "93"]
[EventDate "2019.10.15"]
[EventType "swiss"]
[EventCountry "RUS"]
[SourceTitle "playchess.com"]
[Source "ChessBase"]
[SourceQuality "1"]
[TimeControl "900+10"]

1. e4 {[%emt 0:00:00]} e6 {[%emt 0:00:00]} 2. d4 {[%emt 0:00:00]} d5 {[%emt 0:00:00]} 3. Nc3 {[%emt 0:00:00]} Nf6 {[%emt 0:00:06]} 4. Bg5 {[%emt 0:00:00]} dxe4 {[%emt 0:00:06]} 5. Nxe4 {[%emt 0:00:00]} Be7 {[%emt 0:00:01]} 6. Bxf6 {[%emt 0:00:01]} Bxf6 {[%emt 0:00:10]} 7. c3 {[%emt 0:00:13]} O-O {[%emt 0:00:10]} 8. f4 {[%emt 0:00:12]} Nd7 {[%emt 0:00:24]} 9. Nf3 {[%emt 0:00:07]} b6 {[%emt 0:00:11]} 10. Qc2 {[%emt 0:02:39]} c5 {[%emt 0:01:30]} 11. O-O-O {[%emt 0:00:12]} Qc7 {[%emt 0:00:32]} 12. g3 {[%emt 0:01:22]} Bb7 {[%emt 0:00:47]} 13. Bg2 {[%emt 0:00:08]} Rfd8 {[%emt 0:02:18]} 14. dxc5 {[%emt 0:00:44]} bxc5 {[%emt 0:03:16]} 15. Nxf6+ {[%emt 0:02:13]} Nxf6 {[%emt 0:00:09]} 16. Ne5 {[%emt 0:00:06]} Nd5 {[%emt 0:03:44]} 17. Rhe1 {[%emt 0:00:15]} Qa5 {[%emt 0:01:08]} 18. a3 {[%emt 0:00:32]} Qc7 {[%emt 0:02:54]} 19. c4 {[%emt 0:02:53]} Nf6 {[%emt 0:00:08]} 20. Bxb7 {[%emt 0:00:23]} Qxb7 {[%emt 0:00:01]} 21. Qf2 {[%emt 0:00:16]} Ne4 {[%emt 0:00:34]} 22. Qe2 {[%emt 0:01:04]} f5 {[%emt 0:00:18]} 23. Rxd8+ {[%emt 0:00:08]} Rxd8 {[%emt 0:00:00]} 24. Rd1 {[%emt 0:00:01]} Qc7 {[%emt 0:00:21]} 25. Rxd8+ {[%emt 0:00:14]} Qxd8 {[%emt 0:00:00]} 26. Qd3 {[%emt 0:00:02]} Qxd3 {[%emt 0:00:20]} 27. Nxd3 {[%emt 0:00:03]} Kf8 {[%emt 0:00:01]} 28. Kc2 {[%emt 0:00:21]} g5 {[%emt 0:00:18]} 29. Kb3 {[%emt 0:00:39]} g4 {[%emt 0:00:12]} 30. Ka4 {[%emt 0:00:04]} Nd2 {[%emt 0:00:02]} 31. Kb5 {[%emt 0:00:08]} Nf1 {[%emt 0:00:14]} 32. Kxc5 {[%emt 0:00:14]} Nxh2 {[%emt 0:00:01]} 33. Kd6 {[%emt 0:00:10]} Nf1 {[%emt 0:00:22]} 34. Kd7 {[%emt 0:02:09]} Nxg3 {[%emt 0:00:08]} 35. c5 {[%emt 0:00:01]} Ne4 {[%emt 0:00:11]} 36. c6 {[%emt 0:00:02]} Nf6+ {[%emt 0:00:12]} 37. Kxe6 {[%emt 0:00:13]} Ne8 {[%emt 0:00:08]} 38. Ne1 {[%emt 0:01:07]} g3 {[%emt 0:00:12]} 39. b4 {[%emt 0:00:39]} a6 {[%emt 0:00:10]} 40. a4 {[%emt 0:00:20]} h6 {[%emt 0:00:08]} 41. Ng2 {[%emt 0:00:19]} h5 {[%emt 0:00:05]} 42. Nh4 {[%emt 0:00:19]} Ng7+ {[%emt 0:00:17]} 43. Kd7 {[%emt 0:00:04]} Ne8 {[%emt 0:00:10]} 44. b5 {[%emt 0:00:08]} axb5 {[%emt 0:00:09]} 45. axb5 Kf7 46. c7 {[%emt 0:00:09]} Nf6+ {[%emt 0:00:09]} 47. Kc6 {[%emt 0:00:01]} 1-0

[Event "RUS-ch Men Rapid 2019"]
[Site "Sochi"]
[Date "2019.10.15"]
[Round "1.16"]
[White "Svinarev, Stanislav"]
[Black "Nozdrachev, Vladislav"]
[Result "0-1"]
[WhiteElo "2043"]
[BlackElo "2560"]
[Annotator "ChessBase"]
[PlyCount "114"]
[EventDate "2019.10.15"]
[EventType "swiss"]
[EventCountry "RUS"]
[SourceTitle "playchess.com"]
[Source "ChessBase"]
[SourceQuality "1"]
[TimeControl "900+10"]

1. d4 Nf6 2. Nf3 e6 3. Nbd2 c5 4. c3 d5 5. e3 Nc6 6. Bd3 Bd6 7. O-O O-O 8. dxc5 Bxc5 9. e4 Bb6 10. h3 h6 11. Re1 Bc7 12. Bc2 b6 13. exd5 Nxd5 14. Nb3 Bb7 15. Nbd4 Nxd4 16. Qxd4 Nf6 17. Qxd8 Rfxd8 18. Nd4 a6 19. Be3 Nd5 20. Bb3 Nxe3 21. Rxe3 b5 22. Ree1 Rd6 23. Rad1 Rad8 24. Nf3 Kf8 25. Rxd6 Rxd6 26. Rd1 Rxd1+ 27. Bxd1 Ke7 28. a4 bxa4 29. Bxa4 e5 30. Bc2 e4 31. Nd4 g6 32. Ba4 f5 33. Bc6 Bc8 34. Kf1 Kd6 35. Be8 g5 36. Bg6 Ke5 37. Ke2 Bd7 38. Bf7 Bb6 39. Bc4 a5 40. Bb5 Bc8 41. Nc6+ Kd6 42. b4 axb4 43. Nxb4 Kc5 44. Ba6 Be6 45. Nc2 Bd7 46. Nd4 Kd5 47. Nc2 Ba5 48. Kd2 f4 49. Bb7+ Ke5 50. Nd4 Bb6 51. Bc6 Bxc6 52. Nxc6+ Kd6 53. Nb4 Bxf2 54. Ke2 Bc5 55. Na2 Kd5 56. Nc1 Kc4 57. Kd2 Be3+ 0-1

[Event "RUS-ch Men Rapid 2019"]
[Site "Sochi"]
[Date "2019.10.15"]
[Round "1.17"]
[White "Pridorozhni, Aleksei"]
[Black "Kirillov, Anton"]
[Result "1-0"]
[WhiteElo "2554"]
[BlackElo "2039"]
[Annotator "ChessBase"]
[PlyCount "31"]
[EventDate "2019.10.15"]
[EventType "swiss"]
[EventCountry "RUS"]
[SourceTitle "playchess.com"]
[Source "ChessBase"]
[SourceQuality "1"]
[TimeControl "900+10"]

1. e4 {[%emt 0:00:00]} c5 {[%emt 0:00:00]} 2. Nc3 {[%emt 0:00:00]} d6 {[%emt 0:00:00]} 3. f4 {[%emt 0:00:08]} g6 {[%emt 0:00:17]} 4. d4 {[%emt 0:00:03]} cxd4 {[%emt 0:00:16]} 5. Qxd4 {[%emt 0:00:02]} Nf6 {[%emt 0:00:39]} 6. Nf3 {[%emt 0:00:02]} Nc6 {[%emt 0:00:11]} 7. Qf2 {[%emt 0:00:03]} Bg7 {[%emt 0:00:10]} 8. Bd3 {[%emt 0:00:02]} O-O {[%emt 0:00:42]} 9. O-O {[%emt 0:00:03]} Bg4 {[%emt 0:01:29]} 10. Ne1 {[%emt 0:00:46]} a6 {[%emt 0:02:11]} 11. h3 {[%emt 0:00:53]} Bd7 {[%emt 0:00:01]} 12. Nf3 {[%emt 0:00:03]} b5 {[%emt 0:01:26]} 13. Be3 {[%emt 0:00:48]} Qc7 {[%emt 0:03:25]} 14. Rae1 {[%emt 0:00:43]} e6 15. Qh4 Ne7 {[%emt 0:02:23]} 16. Bd4 {[%emt 0:01:16]} 1-0